Normal view
MARC view
- GOOGLE HACKS
Entry Topical Term
001 - CONTROL NUMBER
- control field: 61713
003 - CONTROL NUMBER IDENTIFIER
- control field: NUST
005 - DATE AND TIME OF LATEST TRANSACTION
- control field: 20210628202813.0
008 - FIXED-LENGTH DATA ELEMENTS
- fixed length control field: 210628|| aca||aabn | a|a d
040 ## - CATALOGING SOURCE
- Original cataloging agency: NUST
- Transcribing agency: NUST
150 ## - HEADING--TOPICAL TERM
- Topical term or geographic name entry element: GOOGLE HACKS
670 ## - SOURCE DATA FOUND
- Source citation: Work cat.: (NUST): Calishain , Tara Dornfest , Rael 61712, Google hacks 100 industrial strength tips and tools, 2003
